| 000 | 00635nam a22001457a 4500 | ||
|---|---|---|---|
| 020 | _a978-1-85799-291-5 | ||
| 082 |
_a823 _bGAA/S |
||
| 100 | _aGAARDER, JOSTEIN | ||
| 245 | _aSOPHIE'S WORLD | ||
| 260 |
_aGREAT BRITAIN _bHACHETTE _c1995 |
||
| 300 | _a436 | ||
| 520 | _aOne day fourteen-year-old Sophie Amundsen comes home from school to find in her mailbox two notes, with one question on each: "Who are you?" and "Where does the world come from?" From that irresistible beginning, Sophie becomes obsessed with questions that take her far beyond what she knows of her Norwegian village. | ||
| 650 |
_aNOVEL _zUNITED KINGDOM |
||
| 942 | _cBK | ||
| 999 |
_c3223 _d3223 |
||